书目信息 |
| 题名: |
雄关漫道
|
|
| 作者: | 陈予欢 著 | |
| 分册: | ||
| 出版信息: | 广州 中山大学出版社 2009.12 |
|
| 页数: | 307页 | |
| 开本: | 24cm | |
| 丛书名: | 黄埔军校史丛书 | |
| 单 册: | ||
| 中图分类: | E296.3 | |
| 科图分类: | ||
| 主题词: | ||
| 电子资源: | ||
| ISBN: | 978-7-306-03584-4 | |
| 000 | 01153nam 2200289 450 | |
| 001 | 012010923609 | |
| 005 | 20100601115359.20 | |
| 010 | @a978-7-306-03584-4@dCNY35.00 | |
| 100 | @a20100601d2009 em y0chiy0120 ea | |
| 101 | 0 | @achi |
| 102 | @aCN@b440000 | |
| 105 | @aac z 000yy | |
| 106 | @ar | |
| 200 | 1 | @a雄关漫道@Axiong guan man dao@e黄埔军校第四期生研究@f陈予欢著@Fchen yu huan zhu |
| 210 | @a广州@c中山大学出版社@d2009.12 | |
| 215 | @a307页@c图, 肖像@d24cm | |
| 225 | 2 | @a黄埔军校史丛书@Ahuang pu jun xiao shi cong shu |
| 300 | @a广州市黄埔军校重点研究基地出版资助项目 | |
| 330 | @a本书主要内容包括:黄埔军校第四期学员概况、第四期学员文化修养与社会阅历、中国共产党第四期学员的军事活动及其作用与影响、中国国民党第四期学员在黄埔军校的活动、第四期学员军事素养与成长等十一章。 | |
| 410 | 0 | @12001 @a黄埔军校史丛书 |
| 517 | 1 | @a黄埔军校第四期生研究@Ahuang pu jun xiao di si qi sheng yan jiu |
| 601 | 02 | @a黄埔军校@Ahuang pu jun xiao@x毕业生@x研究 |
| 601 | 02 | @a黄埔军校@Ahuang pu jun xiao@x校史@x研究 |
| 690 | @aE296.3@v4 | |
| 701 | 0 | @a陈予欢@Achen yu huan@4著 |
| 801 | 0 | @aCN@bQSSK@c20100601 |
| 905 | @b780379-81@dE296.3@eC632@f3 | |
| 雄关漫道:黄埔军校第四期生研究/陈予欢著.-广州:中山大学出版社,2009.12 |
| 307页:图, 肖像;24cm.-(黄埔军校史丛书) |
| 广州市黄埔军校重点研究基地出版资助项目 |
| ISBN 978-7-306-03584-4:CNY35.00 |
| 本书主要内容包括:黄埔军校第四期学员概况、第四期学员文化修养与社会阅历、中国共产党第四期学员的军事活动及其作用与影响、中国国民党第四期学员在黄埔军校的活动、第四期学员军事素养与成长等十一章。 |
| ● |
| 相关链接 |
|
|
|
正题名:雄关漫道
索取号:E296.3/C632
 
预约/预借
| 序号 | 登录号 | 条形码 | 馆藏地/架位号 | 状态 | 备注 |
| 1 | 780379 | 207803796 | 社科库509/509社科库 118排2列4层/ [索取号:E296.3/C632] | 在馆 | |
| 2 | 780380 | 207803803 | 社科库509/509社科库 118排2列4层/ [索取号:E296.3/C632] | 在馆 | |
| 3 | 780381 | 207803812 | 社科库509/509社科库 118排2列4层/ [索取号:E296.3/C632] | 在馆 |